000 00491nam a2200193Ia 4500
003 GCL
008 140319s9999 xx 000 0 eng d
040 _aGCL /
_cGCL
082 0 4 _aCH
_b891.7
_bR K
100 1 _aRACHOV, Y
245 1 0 _aKUTKHA THE RAVEN /
_cRACHOV, Y
700 1 _aSOLASKO, FAINNA
260 _a[S.N] :
_bMALYSH PUBLISHERS ،
_c1976
300 _a117 P
650 0 4 _aRUSSIAN LITERATURE
650 0 4 _aRUSSIA - FICTION
650 0 4 _aCHILDREN - FICTION
942 _2ddc
_cBK
999 _c15306
_d15306